| 000 | 00758nam a2200205 a 4500 | ||
|---|---|---|---|
| 008 | 081022s1998 ||||||||||||||||| || u | ||
| 020 | _a082134157X | ||
| 050 | _aIBRD(08)TP/397 | ||
| 100 | _aLovei, Magda | ||
| 245 | 1 | 0 |
_aPhasing out lead from gasoline: worldwide experiences and policy implications _cby Magda Lovei |
| 260 |
_aWashington, D.C.: _bWorld Bank _c1998 |
||
| 300 | _axv, 40p.: ill. | ||
| 350 | _a0.00 | ||
| 490 | _aWORLD BANK TECHNICAL PAPER | ||
| 500 | _aTechnical Paper No. 397 | ||
| 650 | _aMETAL | ||
| 650 | _aLEAD ABATEMENT--GOVERNMENT POLICY | ||
| 710 | _aWorld Bank | ||
| 995 |
_D0.00 _FCBU-MAIN LIBRARY (Kitwe) _H1 _I0.00 _M397 _UAVAILABLE _WOct 22, 2008 _ZInternational Publications |
||
| 999 |
_c53472 _d53472 |
||